000
00242nam a2200109Ia 4500
008
240625s9999 xx 000 0 und d
041
_a
eng
082
_a
658.4092 RUS
100
_a
RUSSELL LOU
245
_a
LEADERSHIP TRAINING
260
_c
2006
999
_c
34834
_d
34834